| 000 | 00418nam a2200157Ia 4500 | ||
|---|---|---|---|
| 008 | 151213s9999 xx 000 0 und d | ||
| 100 | _aShaukat Mahmood & Nadeen Shaukat | ||
| 245 |
_aThe Specific Relief Act _cShaukat Mahmood & Nadeen Shaukat |
||
| 250 | _a6th | ||
| 260 |
_aLahore _c1990 |
||
| 300 | _a3325 p. | ||
| 650 | _aLaw | ||
| 650 | _aLaw | ||
| 700 | _aShaukat Mahmood & Nadeen Shaukat | ||
| 999 |
_c2259 _d2259 |
||